000 00543cam a2200145 4500500
005 20260322014005.0
041 _afre
042 _adc
100 1 0 _aGuidon-Le Brun, Maryvonne
_eauthor
245 0 0 _aI use chemicals. How do I know if my site qualifies for ICPE classification?
260 _c2026.
500 _a39
786 0 _nChemical risk prevention manager | - | 2026-03-11 | p. 1-1
856 4 1 _uhttps://stm.cairn.info/chemical-risk-management-health-and-safety-at-work--bdti22743210-fic0307-page-1?lang=en&redirect-ssocas=7080
999 _c1785346
_d1785346